Plus grandes stations des Pyrénées françaises - Statistiques

Statistiques générales
  • Ce quiz a été pris 25 fois
  • Le résultat moyen est 6 sur 18
Statistiques - réponses
Hint Réponse % Correct
58 km Font Romeu
80%
36 km Cauterets
64%
100 km Saint Lary Soulan
64%
60 km Peyragudes
48%
68 km Piau-Engaly
48%
80 km Ax 3 Domaines
44%
55 km Les Angles
44%
100 km Grand Tourmalet
40%
40 km Guzet
32%
33 km Gavarnie
24%
23 km Le Mourtis
24%
50 km Porté Puymorens
24%
25 km Formiguères
16%
32 km Luchon Superbagnères
16%
20 km Ascou Pailhères
8%
32 km Puyvalador
8%
35 km Err Puigmal
4%
23 km Monts d'Olmes
0%
Aucun quiz correspondant
Distribution des résultats
% des personnes avec chaque résultat
Percentile par nombre de réponses
Votre historique - résultats
Vous n’avez pas pris ce quiz